000 00368nam a2200157Ia 4500
008 210210b1953 xxu||||| |||| 00| 0 eng d
041 _aeng
082 _a320/293
100 _aJOSHI (G N)
245 _aIndian administration
260 _a
_bNot Mentioned
_c1953
650 _aIndian
650 _aadministration
690 _aPolitical Science
906 _a002040
999 _c114853
_d114853